000 00754nam a2200217 a 4500
001 000013081
005 20240530073931.0
008 091120s1984 dr a 001 e spa d
040 _aDO-SdBNP
_bspa
_cBNPHU
082 _aRD864.44
_bC422i
100 1 _aCéspedes, Diógenes,
_d1941-
_920548
245 1 0 _aIdeas filosóficas, discurso sindical y mitos cotidianos en Santo Domingo /
_cDiógenes Céspedes.
260 _aSanto Domingo :
_bTaller,
_c1984.
300 _a177 p. :
_bil. ;
_c21 cm.
490 1 _aBiblioteca taller
_v166
504 _aIncluye referencias bibliográficas y notas al pie de las páginas
650 0 _aEnsayos dominicanos
_965
650 0 _aLiteratura dominicana.
_967
830 0 _aBiblioteca taller
_n166
_930211
049 _aBNPD
999 _c12723
_d12723